000 00624cam a2200229 4500
008 000000n1998 000 0 eng u
020 _a0752812521
035 _a(Sirsi) u109059
050 _a384
100 _aCairncross, Frances
245 4 _aThe death of distance : how the communications revolution will change our lives.
260 _aOrion Business
_c1998
300 _axvi,302p. ; 22cm.
350 _a9.99
650 _aTELEPHONE
650 _aTELEVISION
650 _aINTERNET
650 _aELECTRONIC COMMUNICATIONS
650 _aE-COMMERCE
690 _aTRANSPORT AND COMMUNICATIONS
942 _n0
999 _c100875
_d100875